AQA, Psychology A (Record no. 5364)
[ view plain ]
| 005 - DATE AND TIME OF LATEST TRANSACTION | |
|---|---|
| control field | 20250626133807.0 |
| 020 ## - INTERNATIONAL STANDARD BOOK NUMBER | |
| International Standard Book Number | 978-0-7487-9825-4 |
| 082 ## - DEWEY DECIMAL CLASSIFICATION NUMBER | |
| Classification number | 150.72 BAI |
| 100 ## - MAIN ENTRY--PERSONAL NAME | |
| Author name | BAILEY, J |
| 245 ## - TITLE STATEMENT | |
| Title | AQA, Psychology A |
| 260 ## - PUBLICATION, DISTRIBUTION, ETC. | |
| Place of publication, distribution, etc. | London |
| Name of publisher, distributor, etc. | Oxford University Press |
| Date of publication, distribution, etc. | 2014. |
| 300 ## - PHYSICAL DESCRIPTION | |
| Extent | xiii,580p.: ill.; figures, tables |
| Other physical details | Index |
| Dimensions | 26cm |
| 700 ## - ADDED ENTRY--PERSONAL NAME | |
| Other authors/Editors | Nick Lund |
| 700 ## - ADDED ENTRY--PERSONAL NAME | |
| Other authors/Editors | Julia Willerton |
| 700 ## - ADDED ENTRY--PERSONAL NAME | |
| Other authors/Editors | Jane Willson |
| 942 ## - ADDED ENTRY ELEMENTS (KOHA) | |
| Source of classification or shelving scheme | Dewey Decimal Classification |
| Koha item type | Books |
| Date last seen | Total checkouts | Full call number | Barcode | Date last checked out | Price effective from | Koha item type | Lost status | Source of classification or shelving scheme | Damaged status | Not for loan | Withdrawn status | Home library | Current library | Shelving location | Date acquired | Source of acquisition |
|---|---|---|---|---|---|---|---|---|---|---|---|---|---|---|---|---|
| 12/08/2025 | 1 | 150.72 BAI | MZA0002305 | 11/25/2025 | 06/26/2025 | Books | Dewey Decimal Classification | CBE Mwanza | CBE Mwanza | General Collection | 06/08/2020 | Donation from TLSB |
